Sports Quiz

Random Sports Quiz
Score 0/20 Timer 03:00
0 Plays Today
Runningback Lineman % Correct
Jamal LewisJonathan Ogden
85.4%
Adrian PetersonSteve Hutchinson
70.8%
Curtis MartinKevin Mawae
60.4%
Thomas JonesOlin Kreutz, D'Brickashaw Ferguson, Nick Mangold, Brandon Moore
54.2%
Edgerrin JamesTarik Glenn
50%
Frank GoreJoe Staley
50%
Chris JohnsonMichael Roos
41.7%
Corey DillonWillie Anderson
39.6%
Ahman GreenChad Clifton
37.5%
Fred TaylorBrad Meester
27.1%
Runningback Lineman % Correct
Maurice Jones-DrewBrad Meester
27.1%
Ricky WilliamsJerry Fontenot & Kyle Turley
22.9%
Clinton PortisCasey Rabach
18.8%
Tiki BarberLuke Petitgout
18.8%
LaDainian TomlinsonMike Goff
16.7%
Shaun AlexanderChris Gray
16.7%
Michael TurnerJustin Blalock & Tyson Clabo
16.7%
Steven JacksonAlex Barron
12.5%
Warrick DunnTodd McClure
12.5%
Willis McGaheeChris Villarrial
2.1%

You're not logged in!

Compare scores with friends on all Sporcle quizzes.
OR
Log In

Sporcle TV

Today on Sporcle TV


Watch our educational content, quiz creation guides, and fun videos on Sporcle TV.

Show Comments

Extras

Top Quizzes Today


Score Distribution

Paid Content

Your Account Isn't Verified!

In order to create a playlist on Sporcle, you need to verify the email address you used during registration. Go to your Sporcle Settings to finish the process.

Report this User

Report this user for behavior that violates our Community Guidelines.

Details: